000 01135nam a22002897a 4500
003 OSt
005 20260402084422.0
008 260402b |||||||| |||| 00| 0 eng d
020 _a978-0939009961
040 _cEPM PUBLICATIONS, INC.
041 _aenglish.
050 _aE 807.1 .R48 .S66 1996
_b .S66 1996
100 _aSomerville, Mollie.
_eauthor.
245 _aEleanor Roosevelt as I knew her /
_cMollie Somerville.
250 _a1st edition.
260 _aMcLean :
_bEPM Publications, Inc.,
_c1996.
300 _a176 pages. :
_bill. ;
_c23 cm.
500 _aIncludes personal recollections of Eleanor Roosevelt.
504 _aIncludes bibliographical index.
520 _aA biographical account based on the author's personal experiences and interactions with Eleanor Roosevelt, highlighting her character, leadership, and contributions to society.
600 _a Roosevelt, Eleanor,
_xAnecdotes.
650 _aFirst ladies
_vBiography.
_zUnited States
650 _aWomen reformers
_vBiography.
_zUnited States
655 _2lcgft
_aBiography.
700 _aRoosevelt, Eleanor
_esubject.
942 _2lcc
_cBK
_e1st ed.
_n0
999 _c10045
_d10045